00202nam a2200097Ia 4500008004100000100001500041245001500056260000900071942000700080999001700087190216s9999||||xx |||||||||||||| ||und|| aKovoor.E.M 0aNallakalam bNull cBK c24680d24680